000 00416nam a2200157Ia 4500
005 20250813110920.0
008 191130s9999##################000#0#eng##
020 _a9788173710209
_qpbk
041 _aeng
082 _a823.914 JAT
245 _aTen short stories
_cedited by Jatin Mohanty
260 _aHydrabad
_b[publisher not identified]
300 _a116p, 20cm
700 _aMohanty, Jatin
942 _cENGLISH
999 _c300229
_d300229